| 000 | 00749nam a22001577a 4500 | ||
|---|---|---|---|
| 999 |
_c63627 _d63627 |
||
| 003 | Ge_BSU | ||
| 005 | 20251117194538.0 | ||
| 008 | 251117s1958 ge ||||| |||| 00| 0 geo d | ||
| 041 | _ageo | ||
| 080 | _a31:338(479.223) ა-95 | ||
| 245 |
_aაჭარის ასსრ სახალხო მეურნეობა : _bსტატისტიკური კრებული / _cსსრკ ცსს. აჭარ. ასსრ სტატ. სამმართველო. |
||
| 264 |
_aბათუმი : _bსახელგამი, _c1958. |
||
| 300 |
_a94 გვ.; _b21 სმ. |
||
| 653 | _aაჭარის სახალხო მეურნეობის სტატისტიკა | ||
| 942 |
_2udc _cᲬᲘᲒᲜᲘ |
||